| 000 | 00811cam a22001934a 4500 | ||
|---|---|---|---|
| 005 | 20250731105903.0 | ||
| 008 | 250528s ||||||||||||||||||||||||d | ||
| 035 | _a15615 | ||
| 020 | _a132874261 | ||
| 040 |
_aGR-AtMCL _bgre _dGR-AtMCL _eAACR2 |
||
| 245 | 1 | _aJava / An Introduction to Computer Science & Programming | |
| 260 |
_bPrentice Hall, _c1999 |
||
| 300 | _a728 | ||
| 520 | _aIntroduction and a Taste of Java, Primitive Types and Strings, Flow of Control, Classes and Objects and Methods, Programming with Classes and Methods, Inheritance, Event-Driven Programming Using the AWT, Exception Handling, Streams and File I/ O, Arrays, Multimensional Arrays and Vectors, Recursion, Applets and HTML, Index. | ||
| 700 | 1 |
_aSavitch, Walter J. _91579 |
|
| 942 | _cBK | ||
| 999 |
_c1184 _d1184 |
||